1648 1626 1911 1756 1572 1716 1040 1242 1730 1018 1160 1670 1280 1145 1105 1887 1627 1348 1359 1250 1518 1276 1868 1499 1083 1207 1957 1911 1876 1203 1126 1735 1602 1291 1187 1893 1508 1264 1687 1973 1280 1013 1057 1473 1980 1916 1766 1860 1733 1329 1693 1625 1390 1576 1652 1847 1730 1169 1784 1722 1318 1871 1286 1451 1882 1939 1001 1775 1452 1468 1901 1036 1174 1418 1847 1722 1776 1248 1322 1080 1480 1778 1582 1873 1905 1138 1655 1436 1380 1786 1993 1393 1099 1831 1341 1625 1930 1302 1956 BCNSPRNW ULIB Ver.6.0+V

เปลี่ยนเป็นภาษาไทย

Change to English
 แสดงรายละเอียดบรรณานุกรม
  กลับหน้าหลัก

Brief Record : Get Marc (ISO 2709) : E-mail record : QR code < ปิดหน้าต่าง
LEADER : 00000nam 2200000uu 4500
001    13399122130
003     ULIB
008    121228s2555||||th 000 0 tha d
020    ^a9786162361685
050  4 ^aPN4129^bก344อ
100 0  ^aก้อง เกียรติวิชญ์
245 10 ^aอยากเป็นสุดยอดคนพูดเก่งไม่ยาก =^bGreat tips for mastering the art of effective speaking/^cก้อง เกียรติวิชญ์, เขียน ; วีรวิชญ์ ธนพงศ์ทวีวุฒิ, ภาพ
246 31 ^aGreat tips for mastering the art of effective speaking
250    ^aพิมพ์ครั้งที่ 1
260    ^aนนทบุรี :^bธิงค์ บียอนด์ บุ๊คส์,^c2555 [2012]
300    ^a183 หน้า :^bภาพประกอบ ;^c21ซม.
490 1  ^aซีรีย์ไม่ยาก
650  4 ^aการพูด^xแง่จิตวิทยา
700 0  ^aวีรวิชญ์ ธนพงศ์ทวีวุฒิ,^eผู้เขียนภาพ
830  0 ^aซีรีย์ไม่ยาก
945    ^p169^l0^i033357
945    ^p169^l0^i033358
995    ^aเกษร
999    ^aใช้งานได้ทุกระบบ
รายการนี้ยังไม่มีแท็ก
คุณยังไม่ได้ล็อกอิน คุณสามารถมีกิจกรรมร่วมกับเว็บไซต์ได้ แต่ต้องล็อกอินก่อน ::
  ล็อกอิน

รายการสื่อสารสนเทศ

ลำดับที่ ประเภท เลขเรียก/บาร์โค้ด สถานที่ สถานะ
1. การศึกษาทั่วไป
การศึกษาทั่วไป
PN4129 ก344อ ฉ.1 
  Barcode: 033357
ห้องสมุดวิทยาเขตสวรรค์ประชารักษ์
►หนังสือทั่วไป
บนชั้น
2. การศึกษาทั่วไป
การศึกษาทั่วไป
PN4129 ก344อ ฉ.2 
  Barcode: 033358
ห้องสมุดวิทยาเขตสวรรค์ประชารักษ์
►หนังสือทั่วไป
บนชั้น

รายการใกล้เคียง
    ผู้แต่ง [ก้อง เกียรติวิชญ์]

BibComment


ยังไม่เคยถูกคอมเมนท์

คอมเมนท์ทรัพยากรรายการนี้
  คอมเมนท์: อยากเป็นสุดยอดคน..


 Copyright 2026. Bcnsprnw @Library